[Event "Moncada Cup-D"]
[Site "Santiago de Cuba"]
[Date "2019.03.23"]
[Round "4.3"]
[White "De la Fe Almeida, Enmanuel Jesus"]
[Black "Duarte Napoles, Fanny"]
[Result "1/2-1/2"]
[WhiteElo "2218"]
[BlackElo "2196"]
[PlyCount "46"]
[EventDate "2019.03.20"]
[EventType "tourn"]
[EventRounds "10"]
[EventCountry "CUB"]
[SourceTitle "EXT 2023"]
[Source "ChessBase"]
[SourceDate "2022.10.05"]
[SourceVersion "1"]
[SourceVersionDate "2022.10.05"]
[SourceQuality "1"]

1. d4 Nf6 2. c4 e6 3. Nc3 d5 4. cxd5 exd5 5. Bg5 Be7 6. e3 c6 7. Nf3 Bf5 8. Bd3 Bxd3 9. Qxd3 Na6 10. a3 Nd7 11. Bxe7 Qxe7 12. 0-0 0-0 13. Rfe1 Rfe8 14. Na4 Nc7 15. Rac1 Ne6 16. Nd2 Ng5 17. Qf5 Ne6 18. Nb3 Qf6 19. Qxf6 Nxf6 20. Nac5 Nxc5 21. Nxc5 Rab8 22. Kf1 Ne4 23. Nxe4 Rxe4 1/2-1/2

[Event "Moncada Cup-D"]
[Site "Santiago de Cuba"]
[Date "2019.03.22"]
[Round "3.1"]
[White "De la Fe Almeida, Enmanuel Jesus"]
[Black "Charon Mustelier, Manuel"]
[Result "0-1"]
[WhiteElo "2218"]
[BlackElo "2213"]
[PlyCount "70"]
[EventDate "2019.03.20"]
[EventType "tourn"]
[EventRounds "10"]
[EventCountry "CUB"]
[SourceTitle "EXT 2023"]
[Source "ChessBase"]
[SourceDate "2022.10.05"]
[SourceVersion "1"]
[SourceVersionDate "2022.10.05"]
[SourceQuality "1"]

1. Nf3 d5 2. g3 c6 3. Bg2 Bf5 4. d3 h6 5. 0-0 Nf6 6. b3 e6 7. Bb2 Be7 8. Nbd2 0-0 9. Qe1 a5 10. e4 Bh7 11. a3 Nbd7 12. Qe2 Qb6 13. Rab1 Qa6 14. e5 Ne4 15. Rfe1 Nxd2 16. Qxd2 c5 17. a4 Nb8 18. h4 Nc6 19. Bf1 Qb6 20. Ba3 Rfc8 21. h5 Qd8 22. g4 Rc7 23. Re2 c4 24. Bxe7 Qxe7 25. bxc4 dxc4 26. dxc4 Rd8 27. Qf4 Nb4 28. g5 hxg5 29. Nxg5 Bf5 30. Ne4 Rxc4 31. Nf6+ Qxf6 32. Qxc4 Qg5+ 33. Bg2 Nd5 34. Rd1 Bg4 35. Kf1 Qxh5 0-1

[Event "Moncada Cup-D"]
[Site "Santiago de Cuba"]
[Date "2019.03.20"]
[Round "1.2"]
[White "De la Fe Almeida, Enmanuel Jesus"]
[Black "Alvarez Calzadilla, Jose Avelino"]
[Result "1-0"]
[WhiteElo "2218"]
[BlackElo "2189"]
[PlyCount "103"]
[EventDate "2019.03.20"]
[EventType "tourn"]
[EventRounds "10"]
[EventCountry "CUB"]
[SourceTitle "EXT 2023"]
[Source "ChessBase"]
[SourceDate "2022.10.05"]
[SourceVersion "1"]
[SourceVersionDate "2022.10.05"]
[SourceQuality "1"]

1. c4 e5 2. Nc3 Nc6 3. g3 g6 4. Bg2 Bg7 5. Nf3 Nf6 6. d3 0-0 7. 0-0 d6 8. Rb1 Nd4 9. Bg5 Ne6 10. Bxf6 Qxf6 11. b4 c6 12. b5 Qd8 13. bxc6 bxc6 14. Qa4 Bd7 15. Qa3 Nc5 16. Nd2 f5 17. Nb3 Nb7 18. Qa6 Qb6 19. Qa4 Qc7 20. c5 d5 21. Nxd5 cxd5 22. Bxd5+ Kh8 23. c6 Qd6 24. Qb5 Be8 25. cxb7 Bxb5 26. bxa8Q Rxa8 27. Bxa8 h5 28. Rfc1 e4 29. dxe4 f4 30. Bd5 Bxe2 31. Rc8+ Kh7 32. Nc5 h4 33. Ne6 Kh6 34. Nxf4 Bh5 35. Rc6 Qe5 36. Nxh5 Kxh5 37. Bf7 Bf6 38. Re6 Qc3 39. e5 Qd3 40. Re1 Qa3 41. exf6 h3 42. R6e4 Kg5 43. Bb3 Kxf6 44. Be6 Qd3 45. R4e2 Qd4 46. Bxh3 Kg5 47. Be6 Qd3 48. h4+ Kh5 49. Bd5 a5 50. Kg2 a4 51. Bf3+ Kh6 52. Re6 1-0

[Event "Santiago de Cuba Province-ch tt"]
[Site "Santiago de Cuba"]
[Date "2018.10.16"]
[Round "10.1"]
[White "Martinez Ramirez, Lennis"]
[Black "De la Fe Almeida, Enmanuel Jesus"]
[Result "1-0"]
[WhiteElo "2405"]
[BlackElo "2308"]
[PlyCount "69"]
[EventDate "2018.10.09"]
[EventType "team-tourn"]
[EventRounds "10"]
[EventCountry "CUB"]
[SourceTitle "EXT 2021"]
[Source "ChessBase"]
[SourceDate "2020.10.23"]
[SourceVersion "1"]
[SourceVersionDate "2020.10.23"]
[SourceQuality "1"]

1. d4 Nf6 2. Nc3 g6 3. e4 d6 4. Bg5 Bg7 5. Qd2 h6 6. Be3 c6 7. f4 Ng4 8. e5 dxe5 9. fxe5 Nxe3 10. Qxe3 Be6 11. Nge2 h5 12. Nf4 Bh6 13. Nxe6 Bxe3 14. Nxd8 Kxd8 15. Bc4 Kc7 16. Rd1 Rf8 17. Rf1 f5 18. Rf3 Bh6 19. h4 f4 20. Ne4 Nd7 21. Be6 b6 22. b4 Rad8 23. c4 a6 24. a4 Rb8 25. b5 c5 26. Bxd7 Kxd7 27. dxc5+ Ke6 28. cxb6 Rfc8 29. c5 axb5 30. a5 Kxe5 31. a6 Kxe4 32. b7 Rc7 33. c6 Rxc6 34. a7 Rcc8 35. Rd7 1-0

[Event "Santiago de Cuba Province-ch Mix1"]
[Site "Santiago de Cuba"]
[Date "2018.09.24"]
[Round "9"]
[White "De la Fe Almeida, Enmanuel Jesus"]
[Black "Alvarez Calzadilla, Jose Avelino"]
[Result "0-1"]
[WhiteElo "2308"]
[BlackElo "2230"]
[PlyCount "98"]
[EventDate "2018.09.19"]
[EventType "tourn"]
[EventRounds "10"]
[EventCountry "CUB"]
[SourceTitle "EXT 2021"]
[Source "ChessBase"]
[SourceDate "2020.10.23"]
[SourceVersion "1"]
[SourceVersionDate "2020.10.23"]
[SourceQuality "1"]

1. Nf3 Nf6 2. g3 e6 3. Bg2 d5 4. 0-0 Be7 5. b3 0-0 6. Bb2 b6 7. c4 Bb7 8. e3 c5 9. Qe2 Qc7 10. Nc3 dxc4 11. bxc4 Nc6 12. d3 Rad8 13. Rfd1 Rd7 14. Ne1 Rfd8 15. f4 Nb4 16. Bxb7 Qxb7 17. a3 Nc6 18. g4 a6 19. Rab1 b5 20. Ba1 b4 21. g5 Ne8 22. Ne4 Qa7 23. Qg4 Kh8 24. h4 Nd6 25. Nxd6 Rxd6 26. h5 f5 27. Qg2 Kg8 28. h6 Bf8 29. Kf2 bxa3 30. g6 e5 31. gxh7+ Kh8 32. fxe5 Rxh6 33. Nf3 Nb4 34. Ke2 Qb7 35. Qg5 Be7 36. Qg3 f4 37. Qg4 fxe3 38. Rg1 Bf8 39. e6 a2 40. Rbd1 Nc2 41. Qg5 Nd4+ 42. Bxd4 Rxd4 43. Qf5 Rf6 44. Qh3 Rdf4 45. e7 Qxe7 46. Rg3 Qb7 47. Qh1 Qb2+ 48. Kxe3 R4f5 49. Ng5 Qd4+ 0-1

[Event "Santiago de Cuba Province-ch Mix1"]
[Site "Santiago de Cuba"]
[Date "2018.09.21"]
[Round "4"]
[White "Alvarez Calzadilla, Jose Avelino"]
[Black "De la Fe Almeida, Enmanuel Jesus"]
[Result "1/2-1/2"]
[WhiteElo "2230"]
[BlackElo "2308"]
[PlyCount "30"]
[EventDate "2018.09.19"]
[EventType "tourn"]
[EventRounds "10"]
[EventCountry "CUB"]
[SourceTitle "EXT 2021"]
[Source "ChessBase"]
[SourceDate "2020.10.23"]
[SourceVersion "1"]
[SourceVersionDate "2020.10.23"]
[SourceQuality "1"]

1. e4 c5 2. Nf3 e6 3. Nc3 a6 4. d4 cxd4 5. Nxd4 Qc7 6. Bd3 Nc6 7. Nxc6 bxc6 8. 0-0 d5 9. Qe2 Nf6 10. Bg5 Qb7 11. Rad1 Be7 12. e5 Nd7 13. Bxe7 Kxe7 14. f4 h5 15. Na4 c5 1/2-1/2

[Event "Santiago de Cuba Province-ch Mix1"]
[Site "Santiago de Cuba"]
[Date "2018.09.21"]
[Round "5"]
[White "De la Fe Almeida, Enmanuel Jesus"]
[Black "Linares Napoles, Oleiny"]
[Result "0-1"]
[WhiteElo "2308"]
[BlackElo "2231"]
[PlyCount "72"]
[EventDate "2018.09.19"]
[EventType "tourn"]
[EventRounds "10"]
[EventCountry "CUB"]
[SourceTitle "EXT 2021"]
[Source "ChessBase"]
[SourceDate "2020.10.23"]
[SourceVersion "1"]
[SourceVersionDate "2020.10.23"]
[SourceQuality "1"]

1. d4 d6 2. c4 Nd7 3. Nc3 g6 4. e4 Bg7 5. f4 e5 6. fxe5 dxe5 7. d5 Ngf6 8. Nf3 0-0 9. Bd3 Nc5 10. 0-0 a5 11. Kh1 Ne8 12. Be3 b6 13. Bc2 Nd6 14. Nd2 Ba6 15. b3 Qe7 16. Qe2 f5 17. Bxc5 bxc5 18. Na4 Bh6 19. Nxc5 Bxd2 20. Qxd2 Nxc4 21. bxc4 Qxc5 22. exf5 Bxc4 23. Rfd1 gxf5 24. Qg5+ Kh8 25. Bxf5 Qf2 26. Bxh7 Bxd5 27. Qxe5+ Kxh7 28. Qxd5 Ra6 29. Qe4+ Rg6 30. Rd7+ Kh6 31. g3 Qf6 32. Rc1 c5 33. Rc7 Qd4 34. Qb7 Re6 35. R7xc5 Rf2 36. R5c4 Qxc4 0-1

[Event "Capablanca Memorial op 53rd"]
[Site "Havana"]
[Date "2018.05.16"]
[Round "7"]
[White "Duong, Thanh Nha"]
[Black "De la Fe Almeida, Enmanuel Jesus"]
[Result "0-1"]
[WhiteElo "2175"]
[BlackElo "2313"]
[PlyCount "114"]
[EventDate "2018.05.09"]
[EventType "swiss"]
[EventRounds "10"]
[EventCountry "CUB"]
[SourceTitle "EXT 2021"]
[Source "ChessBase"]
[SourceDate "2020.10.23"]
[SourceVersion "1"]
[SourceVersionDate "2020.10.23"]
[SourceQuality "1"]

1. b3 Nf6 2. Bb2 g6 3. Bxf6 exf6 4. c4 f5 5. Nc3 b6 6. Nf3 Bb7 7. g3 Bg7 8. Bg2 0-0 9. Rc1 d6 10. 0-0 Nd7 11. d3 Re8 12. e3 a5 13. a3 h5 14. h4 Nf6 15. b4 Ng4 16. Qb3 Bh6 17. Nd1 axb4 18. axb4 Ra7 19. c5 Qa8 20. c6 Bc8 21. Nd4 Be6 22. Qb1 Qd8 23. Bh3 Bd5 24. Bg2 Be6 25. Re1 g5 26. f3 Nf6 27. hxg5 Bxg5 28. f4 Bh6 29. Bh3 Ng4 30. Rc2 Bg7 31. Bxg4 hxg4 32. Nxe6 Rxe6 33. Ra2 Rxa2 34. Qxa2 d5 35. b5 Qd6 36. Re2 Qc5 37. Qa8+ Bf8 38. Qa4 Bg7 39. d4 Qc1 40. Kg2 Qb1 41. Nc3 Qd3 42. Qc2 Qc4 43. Qd2 Bf8 44. Qb2 Bb4 45. Na2 Ba3 46. Qc2 Qxb5 47. Nc3 Qc4 48. Qxf5 Qxc3 49. Qg5+ Rg6 50. Qd8+ Kg7 51. f5 Qd3 52. fxg6 Qxe2+ 53. Kh1 Qf1+ 54. Kh2 Qh3+ 55. Kg1 Qxg3+ 56. Kf1 Qf3+ 57. Kg1 g3 0-1

[Event "Moncada Cup-B"]
[Site "Santiago de Cuba"]
[Date "2018.03.27"]
[Round "10"]
[White "Dieguez Alvarez, Mario Enrique"]
[Black "De la Fe Almeida, Enmanuel Jesus"]
[Result "0-1"]
[WhiteElo "2319"]
[BlackElo "2263"]
[PlyCount "82"]
[EventDate "2018.03.20"]
[EventType "tourn"]
[EventRounds "10"]
[EventCountry "CUB"]
[EventCategory "1"]
[SourceTitle "EXT 2021"]
[Source "ChessBase"]
[SourceDate "2020.10.23"]
[SourceVersion "1"]
[SourceVersionDate "2020.10.23"]
[SourceQuality "1"]

1. e4 c5 2. Nf3 d6 3. d4 cxd4 4. Nxd4 Nf6 5. Nc3 Nc6 6. Bc4 e6 7. Be3 Be7 8. Qe2 a6 9. 0-0-0 Qc7 10. Bb3 0-0 11. Rhg1 Nd7 12. g4 Nc5 13. g5 b5 14. Nxc6 Qxc6 15. Bxc5 Qxc5 16. f4 Ra7 17. e5 Bb7 18. Ne4 Bxe4 19. Qxe4 d5 20. Qd3 a5 21. c3 b4 22. Rgf1 bxc3 23. Qxc3 Qb6 24. Kb1 Rb8 25. Ba4 Rc7 26. Qd4 Bc5 27. Qd2 Be3 28. Qe2 Bd4 29. Rd2 Rc4 30. Bd1 Rb4 31. b3 a4 32. Rf3 axb3 33. Bxb3 g6 34. h4 Ra8 35. Qd3 Bc5 36. Rc2 Rd4 37. Qe2 Re4 38. Qd1 Qb4 39. Rf1 Bd4 40. Rc1 Re3 41. Rf3 Qa3 0-1

[Event "Moncada Cup-B"]
[Site "Santiago de Cuba"]
[Date "2018.03.22"]
[Round "4"]
[White "Perez Leiva, Jerzy Jesus"]
[Black "De la Fe Almeida, Enmanuel Jesus"]
[Result "0-1"]
[WhiteElo "2260"]
[BlackElo "2263"]
[PlyCount "95"]
[EventDate "2018.03.20"]
[EventType "tourn"]
[EventRounds "10"]
[EventCountry "CUB"]
[EventCategory "1"]
[SourceTitle "EXT 2021"]
[Source "ChessBase"]
[SourceDate "2020.10.23"]
[SourceVersion "1"]
[SourceVersionDate "2020.10.23"]
[SourceQuality "1"]

1. d4 Nf6 2. Nc3 g6 3. e4 d6 4. Bg5 Bg7 5. Qd2 h6 6. Bf4 g5 7. Be3 Ng4 8. 0-0-0 e6 9. h4 Nxe3 10. Qxe3 Nc6 11. Bb5 Bd7 12. hxg5 hxg5 13. Rxh8+ Bxh8 14. d5 Ne5 15. dxe6 fxe6 16. Qh3 Qf6 17. Qh5+ Ke7 18. Qe2 Rf8 19. f3 a6 20. Bd3 b5 21. a3 Qf4+ 22. Kb1 g4 23. Rf1 c5 24. Qd1 Nxd3 25. Qxd3 c4 26. Qd1 a5 27. Nge2 Qe3 28. Rh1 Be5 29. Rh7+ Rf7 30. Rxf7+ Kxf7 31. Qf1 b4 32. Nd1 Qd2 33. f4 Bd4 34. axb4 axb4 35. Nxd4 Qxd4 36. Qe2 Bc6 37. Nf2 b3 38. f5 Ke7 39. f6+ Qxf6 40. e5 dxe5 41. Nxg4 Qh4 42. Nf2 Qh2 43. Qe1 Qxg2 44. cxb3 cxb3 45. Qb4+ Kf7 46. Qe1 e4 47. Nd1 Qc2+ 48. Ka1 0-1

[Event "Ciudad Heroe"]
[Site "Santiago de Cuba"]
[Date "2018.02.17"]
[Round "3"]
[White "Charon Mustelier, Manuel"]
[Black "De la Fe Almeida, Enmanuel Jesus"]
[Result "1/2-1/2"]
[WhiteElo "2135"]
[BlackElo "2305"]
[PlyCount "28"]
[EventDate "2018.02.15"]
[EventType "tourn"]
[EventRounds "7"]
[EventCountry "CUB"]
[SourceTitle "EXT 2021"]
[Source "ChessBase"]
[SourceDate "2020.10.23"]
[SourceVersion "1"]
[SourceVersionDate "2020.10.23"]
[SourceQuality "1"]

1. e4 c5 2. Nf3 d6 3. d4 cxd4 4. Nxd4 Nf6 5. Nc3 Nc6 6. Bg5 e6 7. Qd2 Be7 8. f3 Nxd4 9. Qxd4 a6 10. 0-0-0 Qa5 11. Qa4+ Qxa4 12. Nxa4 b5 13. Nb6 Rb8 14. Nxc8 Rxc8 1/2-1/2

[Event "Camaguey Altuna Memorial tt 1st"]
[Site "Camaguey"]
[Date "2017.12.03"]
[Round "10.2"]
[White "Heredia Perez, Hector"]
[Black "De la Fe Almeida, Enmanuel Jesus"]
[Result "1/2-1/2"]
[WhiteElo "2256"]
[BlackElo "2307"]
[PlyCount "38"]
[EventDate "2017.11.28"]
[EventType "team-tourn"]
[EventRounds "10"]
[EventCountry "CUB"]
[SourceTitle "EXT 2024"]
[Source "ChessBase"]
[SourceDate "2023.10.10"]
[SourceVersion "1"]
[SourceVersionDate "2023.10.10"]
[SourceQuality "1"]

1. e4 c6 2. d4 d5 3. exd5 cxd5 4. Bd3 Nc6 5. c3 Nf6 6. Nf3 Bg4 7. 0-0 e6 8. Bf4 Bd6 9. Bxd6 Qxd6 10. Nbd2 0-0 11. Re1 Rfe8 12. h3 Bh5 13. Nf1 Bg6 14. Bxg6 hxg6 15. Ng3 Ne7 16. Ne5 Nd7 17. Nxd7 Qxd7 18. h4 Nf5 19. Nxf5 gxf5 1/2-1/2

[Event "Camaguey Altuna Memorial tt 1st"]
[Site "Camaguey"]
[Date "2017.11.29"]
[Round "3.3"]
[White "De la Fe Almeida, Enmanuel Jesus"]
[Black "Cazulo Ramirez, Jesus David"]
[Result "1-0"]
[WhiteElo "2307"]
[BlackElo "2205"]
[PlyCount "97"]
[EventDate "2017.11.28"]
[EventType "team-tourn"]
[EventRounds "10"]
[EventCountry "CUB"]
[SourceTitle "EXT 2024"]
[Source "ChessBase"]
[SourceDate "2023.10.10"]
[SourceVersion "1"]
[SourceVersionDate "2023.10.10"]
[SourceQuality "1"]

1. c4 e6 2. Nc3 d5 3. d4 Be7 4. cxd5 exd5 5. Bf4 c6 6. e3 Bd6 7. Qf3 Ne7 8. Bd3 Bf5 9. Bxf5 Nxf5 10. Nge2 0-0 11. h4 Re8 12. Bg5 Ne7 13. g4 Nd7 14. h5 f6 15. Bf4 Nf8 16. Bxd6 Qxd6 17. Ng3 Ne6 18. 0-0-0 Ng5 19. Qg2 Qe6 20. Nge2 Nc8 21. Kb1 Nd6 22. Rhe1 Qe7 23. Ng3 Nge4 24. Ncxe4 Nxe4 25. Nf5 Qf8 26. f3 Nd6 27. e4 Rad8 28. h6 Nxf5 29. gxf5 Kh8 30. hxg7+ Qxg7 31. Qh2 Re7 32. Rg1 Qf7 33. Rg4 Rg8 34. Rxg8+ Qxg8 35. Qd6 Qf7 36. exd5 cxd5 37. Rc1 Kg7 38. Qg3+ Kh8 39. Qb8+ Re8 40. Qxa7 Qd7 41. Ka1 Qxf5 42. Qxb7 Qc2 43. Rb1 Rc8 44. Qxd5 Rc6 45. Qd8+ Kg7 46. Rg1+ Kf7 47. Qg8+ Ke7 48. Rg7+ Kd6 49. Qd8+ 1-0

[Event "Adelquis Remon Memorial-A"]
[Site "Holguin"]
[Date "2017.11.05"]
[Round "7.1"]
[White "De la Fe Almeida, Enmanuel Jesus"]
[Black "Fernandez de La Vara, Arnaldo"]
[Result "0-1"]
[WhiteElo "2307"]
[BlackElo "2438"]
[PlyCount "134"]
[EventDate "2017.11.02"]
[EventType "tourn"]
[EventRounds "10"]
[EventCountry "CUB"]
[EventCategory "6"]
[SourceTitle "EXT 2023"]
[Source "ChessBase"]
[SourceDate "2022.10.05"]
[SourceVersion "1"]
[SourceVersionDate "2022.10.05"]
[SourceQuality "1"]

1. Nf3 Nf6 2. g3 c5 3. Bg2 Nc6 4. 0-0 d5 5. d3 e5 6. Na3 Bd6 7. e4 d4 8. Nh4 Bg4 9. f3 Be6 10. f4 a6 11. f5 Bd7 12. Nc4 Bc7 13. a4 h6 14. Bf3 b6 15. Ng2 Qe7 16. a5 b5 17. Nb6 Bxb6 18. axb6 Bc8 19. g4 Bb7 20. h4 Nh7 21. Bd2 0-0-0 22. Ra3 Nb4 23. Qb1 Qd6 24. Ra1 Qxb6 25. b3 Nc6 26. Qd1 f6 27. Kf2 Qc7 28. Rh1 Qe7 29. Rh3 Kc7 30. Qe2 Ra8 31. Bc1 a5 32. Rh1 Ra7 33. Rb1 Rha8 34. Kg3 b4 35. Bd2 a4 36. bxa4 Rxa4 37. Rhc1 Na7 38. Ne1 Nb5 39. Qh2 Ra2 40. Bd1 R8a3 41. Nf3 Nc3 42. Bxc3 Rxc3 43. Nd2 Ba6 44. Ra1 Rca3 45. Rxa2 Rxa2 46. Qe2 Qf7 47. Qf1 Kd6 48. Be2 Qd7 49. Nb3 Qa4 50. Qd1 Qa3 51. Rb1 Bb5 52. Kh3 Ba4 53. Kg3 Bxb3 54. Rxb3 Qa4 55. Qc1 Ra1 56. Rb1 Ra2 57. Rb3 Ra3 58. Bd1 Ra1 59. Rb1 Ra2 60. Rb3 Ke7 61. Kh3 Nf8 62. g5 Ra1 63. Qd2 hxg5 64. hxg5 Nh7 65. gxf6+ gxf6 66. Kg3 Ng5 67. Rb2 Qa3 0-1

[Event "Capablanca Memorial op 52nd"]
[Site "Matanzas"]
[Date "2017.05.28"]
[Round "2"]
[White "De la Fe Almeida, Enmanuel Jesus"]
[Black "Borges Matos, Juan R"]
[Result "1/2-1/2"]
[WhiteElo "2289"]
[BlackElo "2452"]
[PlyCount "26"]
[EventDate "2017.05.27"]
[EventType "swiss"]
[EventRounds "10"]
[EventCountry "CUB"]
[SourceTitle "EXT 2018"]
[Source "ChessBase"]
[SourceDate "2017.10.13"]
[SourceVersion "1"]
[SourceVersionDate "2017.10.13"]
[SourceQuality "1"]

1. Nf3 d5 2. g3 c6 3. Bg2 Bg4 4. h3 Bh5 5. 0-0 Nd7 6. d3 e6 7. e4 Bc5 8. Nbd2 Ngf6 9. Qe1 0-0 10. Nb3 Bb6 11. e5 Ne8 12. Bg5 Qc7 13. d4 Kh8 1/2-1/2

[Event "Guillermo Garcia Memorial op 26th"]
[Site "Santa Clara"]
[Date "2017.05.21"]
[Round "6"]
[White "La Villa Rivas, Marlon Javier"]
[Black "De la Fe Almeida, Enmanuel Jesus"]
[Result "0-1"]
[WhiteElo "2245"]
[BlackElo "2289"]
[PlyCount "72"]
[EventDate "2017.05.16"]
[EventType "swiss"]
[EventRounds "9"]
[EventCountry "CUB"]
[SourceTitle "CBM 178 Extra"]
[Source "ChessBase"]
[SourceDate "2017.06.22"]
[SourceVersion "1"]
[SourceVersionDate "2017.06.22"]
[SourceQuality "1"]

1. e4 d6 2. d4 Nf6 3. Nc3 g6 4. f4 Bg7 5. Nf3 0-0 6. Bd3 Na6 7. 0-0 c5 8. d5 Bg4 9. Bc4 Nc7 10. h3 Bxf3 11. Qxf3 e6 12. dxe6 Nxe6 13. f5 Nd4 14. Qf2 b5 15. Bd5 b4 16. Bg5 bxc3 17. fxg6 Nxe4 18. Qxf7+ Rxf7 19. gxf7+ Kf8 20. Bxd8 Ne2+ 21. Kh2 Be5+ 22. g3 Rxd8 23. Bxe4 Nxg3 24. Kg2 Nxe4 25. bxc3 Bxc3 26. Rad1 Nf6 27. Rf3 Be5 28. Rb1 Rd7 29. Rb8+ Kxf7 30. Ra8 c4 31. a4 d5 32. a5 d4 33. Kf1 d3 34. cxd3 cxd3 35. Ke1 Bc3+ 36. Kd1 Bxa5 0-1

[Event "Guillermo Garcia Memorial op 26th"]
[Site "Santa Clara"]
[Date "2017.05.19"]
[Round "4"]
[White "Diaz Perez, Michel Alejandro"]
[Black "De la Fe Almeida, Enmanuel Jesus"]
[Result "1-0"]
[WhiteElo "2402"]
[BlackElo "2289"]
[PlyCount "45"]
[EventDate "2017.05.16"]
[EventType "swiss"]
[EventRounds "9"]
[EventCountry "CUB"]
[SourceTitle "CBM 178 Extra"]
[Source "ChessBase"]
[SourceDate "2017.06.22"]
[SourceVersion "1"]
[SourceVersionDate "2017.06.22"]
[SourceQuality "1"]

1. e4 c5 2. Nf3 e6 3. d4 cxd4 4. Nxd4 a6 5. Bd3 Nf6 6. 0-0 d6 7. c4 g6 8. Nc3 Bg7 9. Nf3 0-0 10. Qe2 b6 11. Bf4 Nh5 12. Bg5 Qc7 13. Rac1 Bb7 14. Rfd1 Nd7 15. Qe3 Rfe8 16. Be2 Bf8 17. e5 Qc6 18. exd6 Ng7 19. Bd3 Nf5 20. Bxf5 exf5 21. Be7 Qxc4 22. Nd5 Qg4 23. Ne5 1-0

[Event "Moncada Cup"]
[Site "Santiago de Cuba"]
[Date "2017.03.25"]
[Round "6.2"]
[White "De la Fe Almeida, Enmanuel Jesus"]
[Black "Linares Napoles, Oleiny"]
[Result "1/2-1/2"]
[WhiteElo "2287"]
[BlackElo "2233"]
[PlyCount "164"]
[EventDate "2017.03.21"]
[EventType "swiss"]
[EventRounds "10"]
[EventCountry "CUB"]
[SourceTitle "EXT 2023"]
[Source "ChessBase"]
[SourceDate "2022.10.05"]
[SourceVersion "1"]
[SourceVersionDate "2022.10.05"]
[SourceQuality "1"]

1. Nf3 Nf6 2. c4 c5 3. g3 g6 4. Bg2 Bg7 5. 0-0 0-0 6. Nc3 Nc6 7. d4 cxd4 8. Nxd4 Nxd4 9. Qxd4 d6 10. Qd3 Bf5 11. e4 Be6 12. Bd2 Rc8 13. b3 a6 14. Rac1 Nd7 15. Nd5 Ne5 16. Qe2 Bg4 17. f3 Bd7 18. Bg5 f6 19. Be3 b5 20. f4 Bg4 21. Qd2 Nf7 22. cxb5 axb5 23. Rxc8 Bxc8 24. a4 bxa4 25. bxa4 e6 26. Nb6 Ba6 27. Rc1 f5 28. exf5 gxf5 29. Qa5 Bd3 30. Qa7 d5 31. Nd7 Re8 32. Bc5 Qa8 33. a5 Qxa7 34. Bxa7 Ra8 35. Bb6 Nd6 36. Ne5 Bxe5 37. fxe5 Nc4 38. Rc3 Be4 39. Bf1 Nxe5 40. Rc7 d4 41. a6 d3 42. a7 d2 43. Be2 Bf3 44. Kf2 d1Q 45. Bxd1 Bxd1 46. Rb7 Nc6 47. Rc7 Ba4 48. Ke3 e5 49. h4 h5 50. Bc5 Rd8 51. Rd7 Ra8 52. Rc7 Bb5 53. Rb7 Bc4 54. Rd7 Bf1 55. Kf2 Bb5 56. Rb7 Bd3 57. Ke3 Be4 58. Rd7 Bh1 59. Kf2 Rc8 60. Bd6 Be4 61. Ke3 Nxa7 62. Rxa7 Rc3+ 63. Ke2 Rxg3 64. Bxe5 Rg4 65. Bf6 f4 66. Ra4 Bc6 67. Ra5 Kf7 68. Bg5 Ke6 69. Bxf4 Rxf4 70. Rxh5 Bd5 71. Ke3 Rg4 72. Rh6+ Ke5 73. Rh5+ Kd6 74. Rh8 Ra4 75. h5 Ke5 76. Re8+ Be6 77. h6 Ra3+ 78. Ke2 Rh3 79. Rd8 Rxh6 80. Rd2 Rh3 81. Kf2 Bf5 82. Kg2 Ra3 1/2-1/2

[Event "Bayamo Cespedes Memorial-C"]
[Site "Bayamo"]
[Date "2017.03.04"]
[Round "6.1"]
[White "De la Fe Almeida, Enmanuel Jesus"]
[Black "Cazulo Ramirez, Jesus David"]
[Result "1-0"]
[WhiteElo "2287"]
[BlackElo "2277"]
[PlyCount "87"]
[EventDate "2017.03.01"]
[EventType "tourn"]
[EventRounds "10"]
[EventCountry "CUB"]
[EventCategory "2"]
[SourceTitle "EXT 2023"]
[Source "ChessBase"]
[SourceDate "2022.10.05"]
[SourceVersion "1"]
[SourceVersionDate "2022.10.05"]
[SourceQuality "1"]

1. Nf3 Nf6 2. g3 d5 3. Bg2 e6 4. 0-0 Be7 5. b3 0-0 6. Bb2 c5 7. c4 Nc6 8. e3 b6 9. Qe2 Bb7 10. Nc3 Rc8 11. d3 dxc4 12. bxc4 Qc7 13. Rfd1 Rfd8 14. Ne1 Nb4 15. a3 Bxg2 16. Nxg2 Nc6 17. f4 Bf8 18. g4 Ne8 19. Rf1 Qb8 20. f5 exf5 21. gxf5 Nf6 22. Nf4 Bd6 23. Ncd5 Be5 24. Nxf6+ Bxf6 25. Bxf6 gxf6 26. Nh5 Kh8 27. Nxf6 Qe5 28. Ng4 Qc3 29. Rfd1 Rg8 30. Kh1 Rg5 31. f6 Rcg8 32. Rac1 Qxa3 33. Nh6 Rf8 34. Rg1 Rg6 35. Rxg6 fxg6 36. Rf1 Qc3 37. d4 cxd4 38. exd4 Qh3 39. d5 Nd8 40. Ng4 Nf7 41. Nf2 Qc8 42. Qe7 Qe8 43. Ng4 Rg8 44. Re1 1-0